| 000 | 00534nam a2200193 a 4500 | ||
|---|---|---|---|
| 001 | 5355 | ||
| 003 | CDMR | ||
| 005 | 20130320114801.0 | ||
| 008 | 130130s1993||||||||||||||||||||||||||||d | ||
| 040 |
_aCDMR _bcat _cCPC LLEIDA |
||
| 110 |
_9628 _aBarcelona _b-- Diputació |
||
| 245 | 0 | _aMàrius Torres | |
| 260 |
_aBarcelona _bDiputació de Barcelona |
||
| 260 | _bUniversitat de Barcelona | ||
| 260 |
_aLleida _bUniversitat de Lleida |
||
| 260 |
_c1993 _bAjuntament de Lleida |
||
| 710 |
_9363 _aLleida _b -- Ajuntament |
||
| 942 |
_cMON _2ddc |
||
| 999 |
_c5355 _d5355 |
||